Rivers and landscape /

Detalles Bibliográficos
Autor principal: Petts, Geoff
Otros Autores: Foster, Ian
Formato: Libro
Publicado: London : Edward Arnold, 1985.
Materias:
Etiquetas: Agregar Etiqueta
Sin Etiquetas, Sea el primero en etiquetar este registro!

MARC

LEADER 00000nam a22000004a 4500
001 AR-BbUGT655
003 AR-BbUGT
005 20181220001447.0
007 ta
008 061101t1985 |||ad |0|||0| d
040 |a AR-BbUGT  |b spa  |c AR-BbUGT 
082 0 4 |a 551.48 
100 1 |a Petts, Geoff. 
245 1 0 |a Rivers and landscape /   |c Geoff Petts ; Ian Foster. 
260 |a London :   |b Edward Arnold,   |c 1985. 
300 |a 274 p. :   |b il., tablas 
653 |a Hidrología 
653 |a Lagos 
653 |a Ríos 
653 |a Sedimentos 
700 1 |a Foster, Ian. 
942 |c BK  |h 551.48  |i P365  |2 ddc  |6 551_480000000000000_P365 
999 |c 8518  |d 8518